000 00308nam a2200133Ia 4500
008 191201s2013 xx 000 0 und d
100 _aMURPHY, Herta A
245 0 _aEffective Business Communication
250 _aRep
260 _aNew Delhi
_bTMH
_c2013
300 _a619
650 _aBBA
942 _2ddc
_cBK
999 _c5963
_d5963